La canción del haragán / (Registro nro. 6525)

000 -CABECERA
campo de control de longitud fija 00949nam a2200289 u 4500
001 - NÚMERO DE CONTROL
campo de control 000057229
005 - FECHA Y HORA DE LA ÚLTIMA TRANSACCIÓN
campo de control 20200120223457.0
008 - DATOS DE LONGITUD FIJA--INFORMACIÓN GENERAL
campo de control de longitud fija 130626s2003 ck a er 000 f spa d
020 ## - NÚMERO INTERNACIONAL ESTÁNDAR DEL LIBRO
Número Internacional Estándar del Libro 9789583011399
041 0# - CÓDIGO DE LENGUA
Código de lengua del texto/banda sonora o título independiente spa
043 ## - CÓDIGO DE ÁREA GEOGRÁFICA
Código de área geográfica s-ck--
090 ## - LOCALMENTE ASIGNADO TIPO-LC NÚMERO DE CLASIFICACIÓN (OCLC); NÚMERO DE CLASIFICACIÓN LOCAL (RLIN)
Número de clasificación (OCLC) (R) ; Numero de clasificación, CALL (RLIN) (NR) JC
Número cutter local (OCLC) ; Número de libro/Signatura topográfica íntegra, CALL (RLIN) BASCb
100 1# - ENTRADA PRINCIPAL--NOMBRE DE PERSONA
Nombre de persona Bastidas Padilla, Carlos,
Fechas asociadas al nombre 1947-
240 10 - TÍTULO UNIFORME
Título uniforme Nariño-Bibliografía regional
245 13 - MENCIÓN DE TÍTULO
Título La canción del haragán /
Mención de responsabilidad, etc. Carlos Bastidas Padilla ; ilustraciones Neftalí Vanegas Manguán ; edición Luz Rodríguez Acosta.
250 ## - MENCIÓN DE EDICIÓN
Mención de edición 1a. ed.
260 ## - PUBLICACIÓN, DISTRIBUCIÓN, ETC.
Lugar de publicación, distribución, etc. Bogotá :
Nombre del editor, distribuidor, etc. Panamericana,
Fecha de publicación, distribución, etc. 2003.
300 ## - DESCRIPCIÓN FÍSICA
Extensión 136 p. :
Otras características físicas il.
490 0# - MENCIÓN DE SERIE
Mención de serie Literatura Juvenil
650 14 - PUNTO DE ACCESO ADICIONAL DE MATERIA--TÉRMINO DE MATERIA
Término de materia o nombre geográfico como elemento de entrada Cuentos juveniles colombianos.
650 24 - PUNTO DE ACCESO ADICIONAL DE MATERIA--TÉRMINO DE MATERIA
Término de materia o nombre geográfico como elemento de entrada Literatura juvenil colombiana.
650 24 - PUNTO DE ACCESO ADICIONAL DE MATERIA--TÉRMINO DE MATERIA
Término de materia o nombre geográfico como elemento de entrada Imperialismo en la literatura.
650 24 - PUNTO DE ACCESO ADICIONAL DE MATERIA--TÉRMINO DE MATERIA
Término de materia o nombre geográfico como elemento de entrada Pereza en la literatura.
650 24 - PUNTO DE ACCESO ADICIONAL DE MATERIA--TÉRMINO DE MATERIA
Término de materia o nombre geográfico como elemento de entrada Trabajo en la literatura.
650 24 - PUNTO DE ACCESO ADICIONAL DE MATERIA--TÉRMINO DE MATERIA
Término de materia o nombre geográfico como elemento de entrada Canciones en la literatura
700 1# - PUNTO DE ACCESO ADICIONAL--NOMBRE DE PERSONA
Nombre de persona Vanegas, Nefatalí,
Término indicativo de función/relación ilustrador.
Existencias
Estado de retiro Estado de pérdida Fuente del sistema de clasificación o colocación Estado dañado No para préstamo Código de colección Localización permanente Ubicación/localización actual Fecha de adquisición Número de inventario Total de préstamos Signatura topográfica completa Código de barras Fecha visto por última vez Número de copia Precio válido a partir de Tipo de ítem Koha Nota pública En préstamo Fecha del último préstamo
          Literatura Juvenil Biblioteca Pública San Juan Bosco Biblioteca Pública San Juan Bosco 20/01/2020 103246   JC BASCb MOS009623 20/01/2020 ej.1 20/01/2020 Libro Literatura Quince días    
          Literatura Juvenil Biblioteca Pública San Juan Bosco Biblioteca Pública San Juan Bosco 20/01/2020 103247   JC BASCb MOS009624 20/01/2020 ej.2 20/01/2020 Libro Literatura Quince días    
          Literatura Juvenil Biblioteca Pública San Juan Bosco Biblioteca Pública San Juan Bosco 20/01/2020 NT 3 JC BASCb MOS019063 24/08/2023 ej.4 20/01/2020 Libro Literatura Quince días 09/09/2023 24/08/2023
          Literatura Juvenil Biblioteca Pública San Juan Bosco Biblioteca Pública San Juan Bosco 20/01/2020 NT 5 JC BASCb MOS500235 23/03/2023 ej.5 20/01/2020 Libro Literatura Quince días   07/03/2023

© Todos los derechos reservados para la Biblioteca Pública Municipal San Juan Bosco, 2020
Secretaria de Cultura de Mosquera
Carrera 3 N° 10 Esquina Centro Cultural Barrio El Carmén Teléfono: 8270830 Ext: 34
Funcionando con KOHA
Contacto: Biblioteca Pública Municipal San Juan Bosco/ bibliotecasanjuanbosco@mosquera-cundinamarca.gov.co
Mosquera, Cundinamarca